Quantum mechanics /

Bibliographic Details
Main Author: Rae, Alastair I. M.
Format: Book
Language:English
Published: New York : Wiley, [1981]
Subjects:

MARC

Tag First Indicator Second Indicator Subfields
LEADER 00000cam a2200000 a 4500
001 in00000072860
005 20151008054642.0
008 820325s1981 nyua b 00110 eng d
020 |a 0470272023 
020 |a 9780470272022 
035 |a (OCoLC)08274613 
035 |9 AAJ1282AM 
040 |a TOL  |c TOL  |d TXA  |d UtOrBLW 
049 |a TXAM  |c [932960] 
090 |a QC174.12  |b .R33 1981b 
100 1 |a Rae, Alastair I. M. 
245 1 0 |a Quantum mechanics /  |c Alastair I.M. Rae. 
264 1 |a New York :  |b Wiley,  |c [1981] 
264 4 |c ©1981 
300 |a xii, 237 pages :  |b illustrations ;  |c 23 cm. 
336 |a text  |b txt  |2 rdacontent 
337 |a unmediated  |b n  |2 rdamedia 
338 |a volume  |b nc  |2 rdacarrier 
500 |a "A Halstead Press book" 
500 |a Includes index. 
504 |a Bibliography: pages 231-233. 
650 0 |a Quantum theory. 
999 |a MARS 
999 f f |s 0986f5e0-4458-3e83-8120-daeb6ad37842  |i 95d56779-b384-3f0e-b66d-6c375a1dcc76  |t 0 
952 f f |p normal  |a Texas A&M University  |b College Station  |c Sterling C. Evans Library  |d Evans: Library Stacks  |t 0  |e QC174.12 .R33 1981b  |h Library of Congress classification  |i unmediated -- volume  |m A14806207843 
998 f f |a QC174.12 .R33 1981b  |t 0  |l Evans: Library Stacks